Minecraft 1.21 Update - Statistics

General Stats
  • This quiz has been taken 16 times
    5 since last reset
  • The average score is 21 of 76
Answer Stats
Hint Answer % Correct
Mob Breeze
100%
Armor Copper Boots
100%
Item Copper Chest
100%
Armor Copper Chestplate
100%
Armor Copper Helmet
100%
Armor Copper Leggings
100%
Wood Type/Tree Pale Oak
100%
Mob Creaking
75%
Structure Trial Chambers
75%
Mob Bogged
50%
Armor Trim Bolt
50%
Mob Copper Golem
50%
Weapon Copper Sword
50%
Music Disc Creator
50%
Armor Trim Flow
50%
Banner Pattern Flow
50%
Mob Happy Ghast
50%
Mob Nautilus
50%
Potion Oozing
50%
Biome Pale Garden
50%
Mob Parched
50%
Potion Weaving
50%
Potion Wind Charging
50%
Mob Camel Husk
25%
Weapon Copper Axe
25%
Item Copper Chain
25%
Weapon Copper Hoe
25%
Armor Copper Horse Armor
25%
Item Copper Lantern
25%
Weapon Copper Pickaxe
25%
Weapon Copper Shovel
25%
Item Copper Torch
25%
Music Disc Creator (Music Box)
25%
Nature Item Dried Ghast
25%
Nature Item Firefly Bush
25%
Equipment Item Harness
25%
Potion Infestation
25%
Nature Item Leaf Litter
25%
Weapon Mace
25%
Nature Item Short Dry Grass
25%
Nature Item Tall Dry Grass
25%
Music Disc Tears
25%
Nature Item Wildflower
25%
Equipment Item Wind Charge
25%
Mob Armadillo
0%
Item Armadillo Scute
0%
Construction Item Block Of Resin
0%
Nature Item Blue Egg
0%
Item Breeze Rod
0%
Nature Item Brown Egg
0%
Equipment Item Bundle
0%
Nature Item Cactus Flower
0%
Construction Item Chiseled Resin Bricks
0%
Nature Item Closed Eyeblossem
0%
Item Copper Bars
0%
Item Copper Ingot
0%
Item Crafter
0%
Nature Item Creaking Heart
0%
Banner Pattern Guster
0%
Music Disc Lava Chicken
0%
Equipment Item Ominous Bottle
0%
Item Ominous Trial Key
0%
Nature Item Open Eyeblossem
0%
Nature Item Pale Carpet Moss
0%
Nature Item Pale Hanging Moss
0%
Music Disc Precipe
0%
Item Resin Brick
0%
Construction Item Resin Bricks
0%
Nature Item Resin Clump
0%
Item Shelf
0%
Item Trial Key
0%
Nature Item Trial Spawner
0%
Nature Item Vault
0%
Equipment Item Wolf Armor
0%
Mob (Natural) Zombified Horse
0%
Mob Zombified Nautilus
0%
No matching quizzes found
Score Distribution
Percent of People with Each Score
Percentile by Number Answered
Your Score History
You have not taken this quiz since the last reset